| 000 | 00507nam a22001577a 4500 | ||
|---|---|---|---|
| 003 | OSt | ||
| 005 | 20151001112918.0 | ||
| 008 | 151001b xxu||||| |||| 00| 0 eng d | ||
| 040 | _cRUA | ||
| 082 | _aAGR KOR 2005 B062 Or.1 | ||
| 100 |
_91671 _aKOR, TONGSENG. |
||
| 245 | _aContribution a l'etude de l'efficacite de 3 me khmers sur la alade lettuce panama a l'universite royake d'agriculture(cambodge) (culture en pot). | ||
| 260 |
_aphonom phen _bRUA _c2005 |
||
| 300 |
_a45p. _bill. _c29cm. |
||
| 942 |
_2ddc _cAGR |
||
| 999 |
_c1577 _d1577 |
||